[Event "Skopje op-B"]
[Site "Skopje"]
[Date "2023.12.10"]
[Round "6"]
[White "Hristovski, Trajche"]
[Black "Milosevic, Lazar M"]
[Result "1/2-1/2"]
[WhiteElo "1535"]
[BlackElo "1302"]
[PlyCount "51"]
[EventDate "2023.12.06"]
[EventType "swiss"]
[EventRounds "9"]
[EventCountry "MKD"]
[SourceTitle "CB51_2023"]
[SourceDate "2023.12.20"]
[SourceVersion "1"]
[SourceVersionDate "2023.12.20"]
[SourceQuality "1"]

1. d4 d5 2. Nf3 Nf6 3. g3 e6 4. Bg2 Be7 5. 0-0 0-0 6. c4 c6 7. cxd5 cxd5 8. Nc3 Nc6 9. b3 b6 10. Bb2 Bb7 11. Rc1 Rc8 12. Re1 a6 13. h3 b5 14. e3 Qb6 15. Qe2 Rc7 16. Ne5 Nxe5 17. dxe5 Nd7 18. Nb1 Rfc8 19. Rxc7 Rxc7 20. Bd4 Bc5 21. Rd1 Bxd4 22. exd4 Qc6 23. Na3 b4 24. Nb1 a5 25. Bf3 Ba6 26. Qd2 1/2-1/2